[Event "Winnipeg TNT February op"]
[Site "Winnipeg CAN"]
[Date "2009.02.24"]
[Round "4"]
[White "Mundwiler, Les"]
[Black "Swift, Ryne"]
[Result "1-0"]
[WhiteElo "1991"]
[BlackElo "1641"]
[PlyCount "97"]
[GameId "2160767910264883"]
[EventDate "2009.02.03"]
[EventType "swiss"]
[EventRounds "4"]
[EventCountry "CAN"]
[SourceTitle "EXT 2011"]
[Source "ChessBase"]
[SourceDate "2011.11.26"]
[SourceVersion "1"]
[SourceVersionDate "2011.11.26"]
[SourceQuality "1"]

1. c4 c5 2. Nc3 Nf6 3. Nf3 Nc6 4. d3 d6 5. Bg5 Bf5 6. Bxf6 gxf6 7. g3 Bg7 8. Bg2 e6 9. Nh4 Bg6 10. f4 f5 11. Qa4 Qd7 12. O-O O-O 13. Bf3 Rfd8 14. e3 Nb4 15. Qd1 Bf6 16. Ng2 Nc6 17. a3 a6 18. Qc2 Rab8 19. Rad1 b6 20. Ne2 b5 21. cxb5 Rxb5 22. b4 Rc8 23. Rc1 Be7 24. Bxc6 Rxc6 25. Nd4 Rbb6 26. Nxc6 Rxc6 27. Qa4 Qb7 28. bxc5 Rxc5 29. Rb1 Qc6 30. Qxc6 Rxc6 31. Rfc1 Rxc1+ 32. Rxc1 d5 33. a4 a5 34. Kf2 f6 35. Rc8+ Kf7 36. Rc7 Ke8 37. Ra7 Bb4 38. Nh4 Bf7 39. Nf3 Kf8 40. Nd4 Kg8 41. Nc6 Be8 42. Nxb4 axb4 43. a5 Bb5 44. Rb7 Bxd3 45. Rxb4 Kf7 46. Rb6 e5 47. a6 d4 48. a7 Be4 49. Rb8 1-0

[Event "Winnipeg TNT February op"]
[Site "Winnipeg CAN"]
[Date "2009.02.24"]
[Round "4"]
[White "Ott, Richard"]
[Black "Campbell, Gary"]
[Result "0-1"]
[WhiteElo "1431"]
[BlackElo "1620"]
[PlyCount "60"]
[GameId "2160767910264884"]
[EventDate "2009.02.03"]
[EventType "swiss"]
[EventRounds "4"]
[EventCountry "CAN"]
[SourceTitle "EXT 2011"]
[Source "ChessBase"]
[SourceDate "2011.11.26"]
[SourceVersion "1"]
[SourceVersionDate "2011.11.26"]
[SourceQuality "1"]

1. d4 d5 2. c4 e6 3. Nc3 Nf6 4. cxd5 exd5 5. Bg5 Nbd7 6. e3 Be7 7. Bd3 c6 8. Nge2 O-O 9. O-O Re8 10. Rc1 Ne4 11. Bxe7 Qxe7 12. a3 Ndf6 13. Bb1 Bf5 14. Na4 Nd6 15. Ng3 Bxb1 16. Rxb1 Nfe4 17. Nxe4 Nxe4 18. f3 Nd6 19. e4 dxe4 20. fxe4 Nxe4 21. Qd3 Nf6 22. Rf3 Rad8 23. b4 Qd6 24. Rd1 h6 25. Nc5 Re7 26. Nb3 Nd5 27. Qd2 Rde8 28. Nc5 b6 29. Nd3 Ne3 30. Rc1 Qxd4 0-1

[Event "Winnipeg TNT February op"]
[Site "Winnipeg CAN"]
[Date "2009.02.24"]
[Round "4"]
[White "Wasserman, Leor"]
[Black "Czarny, Keith"]
[Result "1-0"]
[WhiteElo "1510"]
[BlackElo "1700"]
[PlyCount "137"]
[GameId "2160767910264885"]
[EventDate "2009.02.03"]
[EventType "swiss"]
[EventRounds "4"]
[EventCountry "CAN"]
[SourceTitle "EXT 2011"]
[Source "ChessBase"]
[SourceDate "2011.11.26"]
[SourceVersion "1"]
[SourceVersionDate "2011.11.26"]
[SourceQuality "1"]

1. e4 Nf6 2. Nc3 e5 3. Bc4 Bc5 4. Nf3 O-O 5. O-O Nxe4 6. Nxe4 d5 7. Nxc5 dxc4 8. Ne4 Bg4 9. h3 Bh5 10. g4 Bg6 11. Nc3 Nc6 12. Re1 Re8 13. b3 e4 14. Nh2 Qh4 15. Kg2 h5 16. Nd5 hxg4 17. Qxg4 Qd8 18. Nf4 Ne5 19. Qg3 Nf3 20. Re3 Nh4+ 21. Kg1 Nf5 22. Qg4 Nxe3 23. dxe3 Re5 24. h4 Bf5 25. Qg3 Qd1+ 26. Kg2 c3 27. Bb2 Qxc2 28. Nh5 Bh3+ 29. Kxh3 Rxh5 30. Rg1 g6 31. Ba3 g5 32. Qf4 Qd2 33. Rxg5+ Rxg5 34. Qxg5+ Kh7 35. Qf5+ Kg7 36. Ng4 Qd8 37. Qh5 Qd7 38. Kg3 Qc6 39. Qg5+ Qg6 40. Qe5+ Kh7 41. Kh3 f5 42. Nf6+ Kh6 43. h5 Qg1 44. Qxf5 Qh1+ 45. Kg3 Qf3+ 46. Qxf3 exf3 47. Kxf3 Rd8 48. Bc1 Rf8 49. e4+ Kg7 50. e5 Kf7 51. Ke4 Ke6 52. f4 Rd8 53. h6 Rd1 54. h7 Re1+ 55. Kf3 Rh1 56. Ke4 c2 57. f5+ Kf7 58. Bb2 Kg7 59. e6 c1=Q 60. Nh5+ Kxh7 61. Nf6+ Kg7 62. Nh5+ Kf8 63. Bxc1 Rxh5 64. f6 b6 65. Bf4 Rh4 66. Kf5 Rh5+ 67. Kg6 Rh8 68. Bxc7 a6 69. Bd6+ 1-0

[Event "Winnipeg TNT February op"]
[Site "Winnipeg CAN"]
[Date "2009.02.24"]
[Round "4"]
[White "Wiebe, Daniel"]
[Black "Letain, Cory"]
[Result "1-0"]
[WhiteElo "1910"]
[BlackElo "1519"]
[PlyCount "65"]
[GameId "2160767910264886"]
[EventDate "2009.02.03"]
[EventType "swiss"]
[EventRounds "4"]
[EventCountry "CAN"]
[SourceTitle "EXT 2011"]
[Source "ChessBase"]
[SourceDate "2011.11.26"]
[SourceVersion "1"]
[SourceVersionDate "2011.11.26"]
[SourceQuality "1"]

1. e4 e5 2. Nf3 Nf6 3. Nc3 Bb4 4. a3 Bxc3 5. dxc3 Nc6 6. Bc4 O-O 7. Bg5 d6 8. Qe2 Bg4 9. h3 Bxf3 10. gxf3 h6 11. Be3 Qe7 12. O-O-O Na5 13. Ba2 c5 14. Qd2 Rfd8 15. Bxh6 Kh7 16. Bg5 b5 17. Bd5 Nc4 18. Qe2 Rab8 19. Bxc4 bxc4 20. Qxc4 Rb6 21. Rhg1 Rdb8 22. b3 Qb7 23. Bxf6 gxf6 24. Rg4 Rg8 25. Rdg1 Rg6 26. Qf1 Rxb3 27. cxb3 Qxb3 28. Qd3 Qxa3+ 29. Kd2 Qb2+ 30. Qc2 Qb6 31. Rb1 Qc6 32. Qb3 Qd7 33. Qb7 1-0

[Event "Winnipeg TNT January op"]
[Site "Winnipeg CAN"]
[Date "2009.01.06"]
[Round "1"]
[White "Czarny, Keith"]
[Black "Ott, Richard"]
[Result "1-0"]
[WhiteElo "1710"]
[BlackElo "1426"]
[PlyCount "85"]
[GameId "2160767910281736"]
[EventDate "2009.01.06"]
[EventType "swiss"]
[EventRounds "5"]
[EventCountry "CAN"]
[SourceTitle "EXT 2011"]
[Source "ChessBase"]
[SourceDate "2011.11.26"]
[SourceVersion "1"]
[SourceVersionDate "2011.11.26"]
[SourceQuality "1"]

1. Nf3 Nf6 2. g3 g6 3. Bg2 Bg7 4. O-O O-O 5. c4 d6 6. Nc3 c5 7. Re1 Nc6 8. h3 Ne8 9. d3 f5 10. e4 Kh8 11. exf5 Rxf5 12. Nh4 Rf8 13. Nd5 Bd4 14. Be3 Ng7 15. Bxd4 Nxd4 16. Nxe7 Rf6 17. Nxc8 Qxc8 18. Nf3 Nxf3+ 19. Bxf3 Qxh3 20. Bg4 Qh6 21. Kg2 Rxf2+ 22. Kxf2 Qh2+ 23. Ke3 Re8+ 24. Kf3 Rf8+ 25. Ke4 Qf2 26. d4 Re8+ 27. Kd5 Qf7+ 28. Kxd6 Rd8+ 29. Kxc5 Qf8+ 30. Kb5 Qd6 31. c5 Qa6+ 32. Kb4 Qf6 33. Re5 a5+ 34. Kb3 h5 35. Qf3 a4+ 36. Ka3 Qa6 37. Qe2 Qa5 38. c6 Qb6 39. Bd7 bxc6 40. Rd1 Rb8 41. Qd2 Qc7 42. Qh6+ Kg8 43. Be6+ 1-0

[Event "Winnipeg TNT January op"]
[Site "Winnipeg CAN"]
[Date "2009.01.06"]
[Round "1"]
[White "Einarsson, Ken"]
[Black "Mundwiler, Les"]
[Result "0-1"]
[WhiteElo "1690"]
[BlackElo "1997"]
[PlyCount "72"]
[GameId "2160767910281737"]
[EventDate "2009.01.06"]
[EventType "swiss"]
[EventRounds "5"]
[EventCountry "CAN"]
[SourceTitle "EXT 2011"]
[Source "ChessBase"]
[SourceDate "2011.11.26"]
[SourceVersion "1"]
[SourceVersionDate "2011.11.26"]
[SourceQuality "1"]

1. d4 d5 2. c4 e6 3. Nc3 c5 4. cxd5 exd5 5. Nf3 Nc6 6. e3 Nf6 7. Be2 a6 8. a4 Bf5 9. O-O Bd6 10. Qb3 Rb8 11. Kh1 c4 12. Qd1 O-O 13. Re1 h6 14. Nh4 Bh7 15. g3 Nb4 16. Rf1 b5 17. axb5 axb5 18. Bf3 Qd7 19. Bd2 Bc2 20. Qc1 Bd3 21. Rd1 Ne4 22. Nxe4 dxe4 23. Bxb4 Bxb4 24. Bh5 g5 25. Rg1 gxh4 26. gxh4+ Kh8 27. Qd1 Rg8 28. Ra6 Bd6 29. Bg4 f5 30. Bxf5 Rxg1+ 31. Qxg1 Qxf5 32. Rxd6 Kh7 33. Qg3 Rg8 34. Rxh6+ Kxh6 35. Qxg8 Qf3+ 36. Qg2 b4 0-1

[Event "Winnipeg TNT January op"]
[Site "Winnipeg CAN"]
[Date "2009.01.06"]
[Round "1"]
[White "Evans, Brian"]
[Black "Greenberg, Harley"]
[Result "1/2-1/2"]
[WhiteElo "1537"]
[BlackElo "1768"]
[PlyCount "60"]
[GameId "2160767910281738"]
[EventDate "2009.01.06"]
[EventType "swiss"]
[EventRounds "5"]
[EventCountry "CAN"]
[SourceTitle "EXT 2011"]
[Source "ChessBase"]
[SourceDate "2011.11.26"]
[SourceVersion "1"]
[SourceVersionDate "2011.11.26"]
[SourceQuality "1"]

1. e4 d5 2. exd5 Nf6 3. c4 e6 4. dxe6 Bxe6 5. Nf3 Nc6 6. d4 Bb4+ 7. Nc3 Ne4 8. Bd2 Nxd2 9. Qxd2 Bg4 10. Qe3+ Kf8 11. d5 Qf6 12. O-O-O Re8 13. Qg5 Bxc3 14. Qxf6 Bxf6 15. dxc6 bxc6 16. Bd3 Bxf3 17. gxf3 c5 18. Rhe1 Bd4 19. Rxe8+ Kxe8 20. Rd2 h5 21. Be4 Rh6 22. b4 Rd6 23. Re2 Re6 24. b5 f5 25. Bc6+ Ke7 26. Kd1 f4 27. Rxe6+ Kxe6 28. Ke2 Kf6 29. Kf1 Kg5 30. Kg2 h4 1/2-1/2

[Event "Winnipeg TNT January op"]
[Site "Winnipeg CAN"]
[Date "2009.01.06"]
[Round "1"]
[White "Green, Jim"]
[Black "Trueman, Francis"]
[Result "0-1"]
[WhiteElo "1773"]
[BlackElo "1566"]
[PlyCount "102"]
[GameId "2160767910281739"]
[EventDate "2009.01.06"]
[EventType "swiss"]
[EventRounds "5"]
[EventCountry "CAN"]
[SourceTitle "EXT 2011"]
[Source "ChessBase"]
[SourceDate "2011.11.26"]
[SourceVersion "1"]
[SourceVersionDate "2011.11.26"]
[SourceQuality "1"]

1. e4 d6 2. d4 Nf6 3. Nc3 g6 4. f3 Bg7 5. Be3 O-O 6. Qd2 e5 7. d5 Nbd7 8. g4 Re8 9. O-O-O a5 10. Bb5 Re7 11. h4 Nb6 12. h5 Kh8 13. Bg5 c6 14. Bd3 Nbd7 15. Kb1 Qg8 16. dxc6 bxc6 17. Bc4 Bf8 18. Qh2 Ba6 19. Bxa6 Rxa6 20. Rxd6 Ne8 21. Rd1 f6 22. Be3 g5 23. Nge2 Nb6 24. Bxb6 Rxb6 25. Na4 Rb5 26. Nec3 Rb8 27. Qe2 Reb7 28. Ka1 Rb4 29. Rd7 Bd6 30. Qa6 Rd4 31. Qa7 Rd2 32. Kb1 Rb4 33. Rd1 Rxd1+ 34. Nxd1 Rxa4 35. Nc3 Rd4 36. b3 Bc5 37. Qxc5 Rxd7 38. Qxa5 Rd4 39. Qc5 Rd7 40. a4 Qf7 41. Qxc6 Rc7 42. Qb5 Rxc3 43. a5 Rxf3 44. a6 Kg7 45. Qb7 Rc3 46. b4 Qc7 47. b5 Nd6 48. Qxc7+ Rxc7 49. b6 Rc4 50. c3 Rxc3 51. Kb2 Rc6 0-1

[Event "Winnipeg TNT January op"]
[Site "Winnipeg CAN"]
[Date "2009.01.06"]
[Round "1"]
[White "Kernetsky, Myron"]
[Black "Goodman, Clifford"]
[Result "1-0"]
[WhiteElo "1979"]
[BlackElo "1646"]
[PlyCount "53"]
[GameId "2160767910281740"]
[EventDate "2009.01.06"]
[EventType "swiss"]
[EventRounds "5"]
[EventCountry "CAN"]
[SourceTitle "EXT 2011"]
[Source "ChessBase"]
[SourceDate "2011.11.26"]
[SourceVersion "1"]
[SourceVersionDate "2011.11.26"]
[SourceQuality "1"]

1. d4 Nf6 2. c4 e6 3. Nf3 b6 4. a3 Bb7 5. Nc3 d5 6. cxd5 exd5 7. Bf4 c6 8. e3 Be7 9. h3 Ba6 10. Bxa6 Nxa6 11. Qa4 Qc8 12. Rc1 O-O 13. O-O Qb7 14. b4 Nb8 15. Rb1 Qa6 16. Qb3 Nbd7 17. Rfc1 c5 18. Nxd5 Nxd5 19. Qxd5 Nf6 20. Qb3 cxd4 21. Nxd4 Ne4 22. Rc2 Rac8 23. Nf5 Bf6 24. Rbc1 Nc3 25. Rxc3 Bxc3 26. Ne7+ Kh8 27. Nxc8 1-0

[Event "Winnipeg TNT January op"]
[Site "Winnipeg CAN"]
[Date "2009.01.06"]
[Round "1"]
[White "Milord, Frank"]
[Black "Green, Aaron"]
[Result "0-1"]
[WhiteElo "1584"]
[BlackElo "1776"]
[PlyCount "80"]
[GameId "2160767910281741"]
[EventDate "2009.01.06"]
[EventType "swiss"]
[EventRounds "5"]
[EventCountry "CAN"]
[SourceTitle "EXT 2011"]
[Source "ChessBase"]
[SourceDate "2011.11.26"]
[SourceVersion "1"]
[SourceVersionDate "2011.11.26"]
[SourceQuality "1"]

1. e4 c5 2. Nf3 d6 3. d4 cxd4 4. Nxd4 Nf6 5. Nc3 g6 6. Be3 Bg7 7. f3 O-O 8. Qd2 Nc6 9. Bc4 Bd7 10. Bb3 Rc8 11. O-O-O Ne5 12. h4 h5 13. Kb1 Nc4 14. Bxc4 Rxc4 15. Qe2 Rc8 16. Bg5 Qa5 17. Nb3 Qd8 18. Qe3 a6 19. Bh6 b5 20. Bxg7 Kxg7 21. e5 Ne8 22. Nd5 Be6 23. Nf4 Bxb3 24. cxb3 Kh7 25. g4 Ng7 26. exd6 exd6 27. Rd5 Qf6 28. gxh5 Rce8 29. hxg6+ fxg6 30. Qd2 Qxf4 31. Qxf4 Rxf4 32. Rxd6 Rxf3 33. Rxa6 Re6 34. Rxe6 Nxe6 35. b4 Kh6 36. Rd1 Kh5 37. Rd6 Nf8 38. Rd5+ Rf5 39. Rd4 Ne6 40. Re4 Nf4 0-1

[Event "Winnipeg TNT January op"]
[Site "Winnipeg CAN"]
[Date "2009.01.06"]
[Round "1"]
[White "Swift, Ryne"]
[Black "Lauritson, Jim"]
[Result "1-0"]
[WhiteElo "1612"]
[BlackElo "1957"]
[PlyCount "65"]
[GameId "2160767910281742"]
[EventDate "2009.01.06"]
[EventType "swiss"]
[EventRounds "5"]
[EventCountry "CAN"]
[SourceTitle "EXT 2011"]
[Source "ChessBase"]
[SourceDate "2011.11.26"]
[SourceVersion "1"]
[SourceVersionDate "2011.11.26"]
[SourceQuality "1"]

1. e4 c5 2. Nf3 e6 3. d4 cxd4 4. Nxd4 Nc6 5. Nc3 a6 6. Be3 Qc7 7. f3 Nf6 8. Qd2 Bb4 9. a3 Be7 10. O-O-O O-O 11. g4 d6 12. g5 Nd7 13. f4 b5 14. h4 Bb7 15. f5 Nxd4 16. Bxd4 exf5 17. Bg2 fxe4 18. Bxe4 Bxe4 19. Nxe4 Rad8 20. Qe3 Nc5 21. Rhe1 Rde8 22. Qc3 Ne6 23. Bxg7 Qxc3 24. Bxc3 Rd8 25. Bb4 Nc5 26. Ba5 Rde8 27. Nxc5 dxc5 28. Rd7 Bd8 29. Rxe8 Bxa5 30. Rxf8+ Kxf8 31. Ra7 Be1 32. h5 a5 33. Kd1 1-0

[Event "Winnipeg TNT January op"]
[Site "Winnipeg CAN"]
[Date "2009.01.06"]
[Round "1"]
[White "Wiebe, Daniel"]
[Black "Lipic, Stephen"]
[Result "1-0"]
[WhiteElo "1839"]
[BlackElo "1606"]
[PlyCount "48"]
[GameId "2160767910281743"]
[EventDate "2009.01.06"]
[EventType "swiss"]
[EventRounds "5"]
[EventCountry "CAN"]
[SourceTitle "EXT 2011"]
[Source "ChessBase"]
[SourceDate "2011.11.26"]
[SourceVersion "1"]
[SourceVersionDate "2011.11.26"]
[SourceQuality "1"]

1. e4 c6 2. d4 d5 3. Nc3 dxe4 4. Nxe4 Nf6 5. Nxf6+ exf6 6. Bf4 Bd6 7. Bxd6 Qxd6 8. Qd2 O-O 9. O-O-O Be6 10. Kb1 b5 11. Be2 a5 12. Bf3 Nd7 13. d5 cxd5 14. Bxd5 Ra7 15. Bxe6 Qxd2 16. Bxf7+ Kxf7 17. Rxd2 Ne5 18. Ne2 Rc8 19. Nc3 Rb7 20. Ne4 Nc4 21. Rd4 Rbc7 22. Rxc4 Rxc4 23. Nd6+ Ke6 24. Nxc4 Rxc4 1-0

[Event "Winnipeg TNT January op"]
[Site "Winnipeg CAN"]
[Date "2009.01.13"]
[Round "2"]
[White "Campbell, Gary"]
[Black "Swift, Ryne"]
[Result "1-0"]
[WhiteElo "1608"]
[BlackElo "1612"]
[PlyCount "95"]
[GameId "2160767910281744"]
[EventDate "2009.01.06"]
[EventType "swiss"]
[EventRounds "5"]
[EventCountry "CAN"]
[SourceTitle "EXT 2011"]
[Source "ChessBase"]
[SourceDate "2011.11.26"]
[SourceVersion "1"]
[SourceVersionDate "2011.11.26"]
[SourceQuality "1"]

1. d4 d5 2. c4 c6 3. Nf3 Nf6 4. Nc3 e6 5. cxd5 exd5 6. Bg5 Bf5 7. Qb3 b6 8. e3 Nbd7 9. Rc1 h6 10. Bh4 Bd6 11. Qa4 b5 12. Bxf6 Nxf6 13. Qd1 O-O 14. Bd3 Ne4 15. Bxe4 dxe4 16. Nd2 Re8 17. O-O Qg5 18. Ne2 Qh5 19. Ng3 Qxd1 20. Rfxd1 Bxg3 21. hxg3 Rac8 22. Rc5 Bg6 23. Rdc1 Re6 24. d5 Rd6 25. Nb3 Bf5 26. dxc6 Be6 27. Nd4 Bc4 28. b3 Bd3 29. c7 g6 30. Nxb5 Bxb5 31. Rxb5 Re6 32. Rb7 a6 33. b4 Kf8 34. Rb8 Ree8 35. Rb6 Ra8 36. Rcc6 Rec8 37. a4 Ke7 38. Rxa6 Rxa6 39. Rxa6 Rxc7 40. b5 Rb7 41. Rc6 Ra7 42. Rc4 f5 43. b6 Rd7 44. Rd4 Rb7 45. a5 Ke6 46. Kf1 Ke5 47. Ke2 g5 48. Rb4 1-0

[Event "Winnipeg TNT January op"]
[Site "Winnipeg CAN"]
[Date "2009.01.13"]
[Round "2"]
[White "Czarny, Keith"]
[Black "Wiebe, Daniel"]
[Result "0-1"]
[WhiteElo "1710"]
[BlackElo "1839"]
[PlyCount "39"]
[GameId "2160767910281745"]
[EventDate "2009.01.06"]
[EventType "swiss"]
[EventRounds "5"]
[EventCountry "CAN"]
[SourceTitle "EXT 2011"]
[Source "ChessBase"]
[SourceDate "2011.11.26"]
[SourceVersion "1"]
[SourceVersionDate "2011.11.26"]
[SourceQuality "1"]

1. Nc3 e5 2. g3 Nf6 3. Bg2 Bc5 4. Nf3 d6 5. Na4 Bb6 6. Nxb6 axb6 7. O-O Nc6 8. d3 O-O 9. h3 Ne8 10. Bg5 f6 11. Bd2 Be6 12. c4 f5 13. Bg5 Qd7 14. b3 f4 15. gxf4 exf4 16. e3 fxe3 17. Bxe3 Bxh3 18. Ng5 Bxg2 19. Kxg2 h6 20. Ne4 0-1

[Event "Winnipeg TNT January op"]
[Site "Winnipeg CAN"]
[Date "2009.01.13"]
[Round "2"]
[White "Goodman, Clifford"]
[Black "Milord, Frank"]
[Result "1-0"]
[WhiteElo "1646"]
[BlackElo "1584"]
[PlyCount "59"]
[GameId "2160767910281746"]
[EventDate "2009.01.06"]
[EventType "swiss"]
[EventRounds "5"]
[EventCountry "CAN"]
[SourceTitle "EXT 2011"]
[Source "ChessBase"]
[SourceDate "2011.11.26"]
[SourceVersion "1"]
[SourceVersionDate "2011.11.26"]
[SourceQuality "1"]

1. Nf3 c5 2. c4 Nc6 3. Nc3 g6 4. g3 Bg7 5. Bg2 Nf6 6. d4 cxd4 7. Nxd4 O-O 8. O-O Qb6 9. Nxc6 bxc6 10. Qc2 d6 11. e4 Be6 12. Be3 Qb7 13. c5 Ng4 14. Bf4 Bc4 15. Rfd1 e5 16. Bc1 dxc5 17. Na4 Be6 18. Nxc5 Qb6 19. h3 Nf6 20. Nxe6 fxe6 21. Be3 Qb7 22. Rd6 Ne8 23. Rxe6 Rf6 24. Rxf6 Nxf6 25. Rd1 Nd7 26. h4 Bf6 27. Bh6 Bg7 28. Qc4+ Kh8 29. Qf7 Nc5 30. Bxg7# 1-0

[Event "Winnipeg TNT January op"]
[Site "Winnipeg CAN"]
[Date "2009.01.13"]
[Round "2"]
[White "Green, Aaron"]
[Black "Kernetsky, Myron"]
[Result "1/2-1/2"]
[WhiteElo "1776"]
[BlackElo "1979"]
[PlyCount "28"]
[GameId "2160767910281747"]
[EventDate "2009.01.06"]
[EventType "swiss"]
[EventRounds "5"]
[EventCountry "CAN"]
[SourceTitle "EXT 2011"]
[Source "ChessBase"]
[SourceDate "2011.11.26"]
[SourceVersion "1"]
[SourceVersionDate "2011.11.26"]
[SourceQuality "1"]

1. e4 e6 2. d4 d5 3. exd5 exd5 4. Nf3 Bd6 5. Nc3 c6 6. h3 Ne7 7. Bd3 Bf5 8. O-O O-O 9. Re1 Bg6 10. Ne5 Nd7 11. f4 Re8 12. g4 Bxd3 13. Qxd3 f6 14. Nxd7 Qxd7 1/2-1/2

[Event "Winnipeg TNT January op"]
[Site "Winnipeg CAN"]
[Date "2009.01.13"]
[Round "2"]
[White "Lauritson, Jim"]
[Black "Evans, Brian"]
[Result "1-0"]
[WhiteElo "1957"]
[BlackElo "1537"]
[PlyCount "33"]
[GameId "2160767910281748"]
[EventDate "2009.01.06"]
[EventType "swiss"]
[EventRounds "5"]
[EventCountry "CAN"]
[SourceTitle "EXT 2011"]
[Source "ChessBase"]
[SourceDate "2011.11.26"]
[SourceVersion "1"]
[SourceVersionDate "2011.11.26"]
[SourceQuality "1"]

1. d4 Nf6 2. c4 e6 3. Nc3 Bb4 4. Qc2 d5 5. cxd5 exd5 6. Bg5 h6 7. Bh4 Bxc3+ 8. bxc3 Nc6 9. Nf3 Qe7 10. e3 g5 11. Bg3 Ne4 12. Qb3 Nxg3 13. hxg3 Qd6 14. Nxg5 b6 15. Bd3 f6 16. Bg6+ Ke7 17. Nf7 1-0

[Event "Winnipeg TNT January op"]
[Site "Winnipeg CAN"]
[Date "2009.01.13"]
[Round "2"]
[White "Lipic, Stephen"]
[Black "Ott, Richard"]
[Result "1-0"]
[WhiteElo "1606"]
[BlackElo "1426"]
[PlyCount "75"]
[GameId "2160767910281749"]
[EventDate "2009.01.06"]
[EventType "swiss"]
[EventRounds "5"]
[EventCountry "CAN"]
[SourceTitle "EXT 2011"]
[Source "ChessBase"]
[SourceDate "2011.11.26"]
[SourceVersion "1"]
[SourceVersionDate "2011.11.26"]
[SourceQuality "1"]

1. f4 Nf6 2. Nf3 d5 3. e3 Bg4 4. h3 Bxf3 5. Qxf3 Nbd7 6. d3 c6 7. g4 e6 8. g5 Ng8 9. e4 dxe4 10. dxe4 Qb6 11. Nc3 Bb4 12. a3 Bc5 13. Na4 Qa5+ 14. Nc3 O-O-O 15. Bd2 Qc7 16. Na4 Bd4 17. c3 Bb6 18. b4 Ne7 19. Nxb6+ Nxb6 20. a4 f5 21. gxf6 gxf6 22. a5 Nd7 23. Be3 Ng6 24. h4 Nde5 25. fxe5 Nxe5 26. Qxf6 Qd6 27. Bd4 Ng4 28. Qxh8 Qg3+ 29. Kd2 Rxh8 30. Bxh8 Qe3+ 31. Kc2 Qxe4+ 32. Bd3 Ne3+ 33. Kd2 Qf4 34. Ke2 e5 35. Rhf1 Nxf1 36. Rxf1 Qh2+ 37. Rf2 Qxh4 38. Rf8+ 1-0

[Event "Winnipeg TNT January op"]
[Site "Winnipeg CAN"]
[Date "2009.01.13"]
[Round "2"]
[White "Mundwiler, Les"]
[Black "Green, Jim"]
[Result "0-1"]
[WhiteElo "1997"]
[BlackElo "1773"]
[PlyCount "118"]
[GameId "2160767910281750"]
[EventDate "2009.01.06"]
[EventType "swiss"]
[EventRounds "5"]
[EventCountry "CAN"]
[SourceTitle "EXT 2011"]
[Source "ChessBase"]
[SourceDate "2011.11.26"]
[SourceVersion "1"]
[SourceVersionDate "2011.11.26"]
[SourceQuality "1"]

1. e4 d6 2. c4 e5 3. Nc3 Nf6 4. h3 c6 5. Nf3 Be7 6. d4 Nbd7 7. Be2 Qc7 8. O-O O-O 9. b3 h6 10. Bb2 Re8 11. Rc1 Bf8 12. d5 a5 13. Nd2 Nc5 14. a3 Rd8 15. b4 axb4 16. axb4 Ncd7 17. dxc6 bxc6 18. Qb3 Ba6 19. b5 Nc5 20. Qc2 Bb7 21. Nb3 Nfd7 22. bxc6 Qxc6 23. Nd5 Nxb3 24. Qxb3 Nc5 25. Qc2 Bc8 26. Ra1 Be6 27. f4 exf4 28. Rxf4 Rxa1+ 29. Bxa1 Bxd5 30. exd5 Qa6 31. Bb2 Re8 32. Bh5 Re7 33. Qf5 Qb7 34. Bf6 Re1+ 35. Kh2 Qb1 36. Bc3 Rh1+ 37. Kg3 Qxf5 38. Rxf5 g6 39. Rf4 gxh5 40. Kh4 Bg7 41. Bxg7 Kxg7 42. Kxh5 Re1 43. Rg4+ Kh7 44. Rf4 Re5+ 45. Kg4 Re4 46. Rxe4 Nxe4 47. Kf5 Nc5 48. Kf6 Kg8 49. Ke7 Ne4 50. g4 Kg7 51. h4 Kg6 52. Kf8 f6 53. Ke7 f5 54. gxf5+ Kxf5 55. h5 Kg5 56. Ke6 Kxh5 57. Kf5 Nc5 58. Kf6 Kg4 59. Ke7 Ne4 0-1

[Event "Winnipeg TNT January op"]
[Site "Winnipeg CAN"]
[Date "2009.01.13"]
[Round "2"]
[White "Rutter, Blair"]
[Black "Gibbons, Lorne"]
[Result "1-0"]
[WhiteElo "1877"]
[BlackElo "1208"]
[PlyCount "35"]
[GameId "2160767910281751"]
[EventDate "2009.01.06"]
[EventType "swiss"]
[EventRounds "5"]
[EventCountry "CAN"]
[SourceTitle "EXT 2011"]
[Source "ChessBase"]
[SourceDate "2011.11.26"]
[SourceVersion "1"]
[SourceVersionDate "2011.11.26"]
[SourceQuality "1"]

1. f4 f6 2. Nf3 d6 3. e4 Nc6 4. d4 e6 5. Be3 Qe7 6. Nc3 g6 7. a3 Bg7 8. Bd3 e5 9. d5 exf4 10. Bxf4 Ne5 11. Bxe5 fxe5 12. O-O Bd7 13. Nb5 Qd8 14. Qd2 Bh6 15. Qc3 Be3+ 16. Kh1 Bb6 17. Nxe5 Ne7 18. Nf7 1-0

[Event "Winnipeg TNT January op"]
[Site "Winnipeg CAN"]
[Date "2009.01.13"]
[Round "2"]
[White "Trueman, Francis"]
[Black "Einarsson, Ken"]
[Result "0-1"]
[WhiteElo "1566"]
[BlackElo "1690"]
[PlyCount "52"]
[GameId "2160767910281752"]
[EventDate "2009.01.06"]
[EventType "swiss"]
[EventRounds "5"]
[EventCountry "CAN"]
[SourceTitle "EXT 2011"]
[Source "ChessBase"]
[SourceDate "2011.11.26"]
[SourceVersion "1"]
[SourceVersionDate "2011.11.26"]
[SourceQuality "1"]

1. Nf3 d5 2. d3 Nc6 3. g3 e5 4. Bg2 Nf6 5. O-O Be7 6. c3 Bg4 7. Qc2 O-O 8. e4 dxe4 9. dxe4 h6 10. Nbd2 Qd7 11. Nc4 Bd6 12. Nxd6 cxd6 13. Nh4 Rac8 14. Qd3 Rfd8 15. f4 Bh3 16. f5 Bxg2 17. Kxg2 Ne7 18. Qf3 Rc4 19. Re1 Qc6 20. b3 Rxc3 21. Be3 Qxe4 22. Qxe4 Nxe4 23. Bxa7 Rc2+ 24. Kf3 Ng5+ 25. Kg4 Nd5 26. Nf3 Nf6+ 0-1

[Event "Winnipeg TNT January op"]
[Site "Winnipeg CAN"]
[Date "2009.01.20"]
[Round "3"]
[White "Einarsson, Ken"]
[Black "Lauritson, Jim"]
[Result "0-1"]
[WhiteElo "1690"]
[BlackElo "1957"]
[PlyCount "62"]
[GameId "2160767910281753"]
[EventDate "2009.01.06"]
[EventType "swiss"]
[EventRounds "5"]
[EventCountry "CAN"]
[SourceTitle "EXT 2011"]
[Source "ChessBase"]
[SourceDate "2011.11.26"]
[SourceVersion "1"]
[SourceVersionDate "2011.11.26"]
[SourceQuality "1"]

1. d4 Nf6 2. c4 e6 3. Nc3 Bb4 4. Bd2 b6 5. Nf3 Bb7 6. e3 O-O 7. Bd3 d6 8. a3 Bxc3 9. Bxc3 Ne4 10. Qc2 f5 11. O-O Nd7 12. Nd2 Nxc3 13. bxc3 Qg5 14. e4 Nf6 15. Nf3 Qg4 16. h3 Qf4 17. exf5 Bxf3 18. gxf3 Qxf3 19. fxe6 Qxh3 20. Bf5 Ng4 21. f3 Qg3+ 22. Qg2 Qxg2+ 23. Kxg2 Ne3+ 24. Kf2 Nxf5 25. d5 Ne7 26. Rae1 Rf4 27. Re4 Raf8 28. Ke3 g5 29. a4 a5 30. Rf2 Kg7 31. Rxf4 Rxf4 0-1